[Event "Belgrade-chT"]
[Site "Belgrade"]
[Date "2017.10.14"]
[Round "4.6"]
[White "Filipovic, Slobodan Lj"]
[Black "Brkic, Zoran"]
[Result "0-1"]
[WhiteElo "1862"]
[BlackElo "2083"]
[PlyCount "106"]
[EventDate "2017.10.01"]
[EventType "team-tourn"]
[EventRounds "11"]
[EventCountry "SRB"]
[SourceTitle "CBM 181 Extra"]
[Source "ChessBase"]
[SourceDate "2017.12.12"]
[SourceVersion "1"]
[SourceVersionDate "2017.12.12"]
[SourceQuality "1"]
[WhiteTeam "Lasta"]
[BlackTeam "Bogoslov"]
[WhiteTeamCountry "SRB"]
[BlackTeamCountry "SRB"]

1. d4 Nf6 2. c4 Nc6 3. Nf3 d6 4. Nc3 Bf5 5. g3 e5 6. d5 Ne7 7. Bg2 Ng6 8. 0-0 Be7 9. Nd2 Qc8 10. Nde4 Nxe4 11. Nxe4 h6 12. f4 0-0 13. Nf2 exf4 14. gxf4 Nh4 15. e4 Nxg2 16. Kxg2 Bd7 17. f5 b5 18. b3 bxc4 19. bxc4 Qa6 20. Qg4 Kh7 21. Qh5 Qxc4 22. Ng4 Qxe4+ 23. Rf3 g6 24. Qxh6+ Kg8 25. Nf2 Qh4 26. fxg6 Qxh6 27. Bxh6 fxg6 28. Bxf8 Bxf8 29. Rc1 Rc8 30. Rfc3 Bh6 31. Rb1 Bd2 32. Rc4 Ba5 33. Ne4 Kg7 34. Ng3 Be8 35. Ne2 Bf7 36. Rd4 Re8 37. Nf4 g5 38. Nh3 Re5 39. Rbd1 Re2+ 40. Kh1 Kh6 41. Rg4 Re5 42. Rgd4 Re2 43. Rg4 Bd2 44. Rd4 Bc3 45. R4d3 Ba5 46. Rg3 Re5 47. Rgd3 Bb6 48. R3d2 Be3 49. Rd3 Bg6 50. Kg2 Bxd3 51. Rxd3 Bc5 52. Kf3 Kh5 53. Nf2 Rf5+ 0-1

[Event "Belgrade-chT"]
[Site "Belgrade"]
[Date "2017.10.08"]
[Round "3.6"]
[White "Petrovic, Zoran Z"]
[Black "Filipovic, Slobodan Lj"]
[Result "1-0"]
[WhiteElo "1999"]
[BlackElo "1862"]
[PlyCount "151"]
[EventDate "2017.10.01"]
[EventType "team-tourn"]
[EventRounds "11"]
[EventCountry "SRB"]
[SourceTitle "CBM 181 Extra"]
[Source "ChessBase"]
[SourceDate "2017.12.12"]
[SourceVersion "1"]
[SourceVersionDate "2017.12.12"]
[SourceQuality "1"]
[WhiteTeam "Nis Jugopetrol"]
[BlackTeam "Lasta"]
[WhiteTeamCountry "SRB"]
[BlackTeamCountry "SRB"]

1. e4 e5 2. Nf3 Nc6 3. Bb5 Nd4 4. Nxd4 exd4 5. d3 a6 6. Bc4 b5 7. Bd5 c6 8. Bb3 d6 9. 0-0 Be6 10. Bxe6 fxe6 11. e5 d5 12. Qh5+ g6 13. Qg4 Qd7 14. Qxd4 c5 15. Qh4 Bg7 16. Re1 Ne7 17. f4 Nf5 18. Qf2 Rc8 19. g4 Ne7 20. a4 b4 21. Nd2 0-0 22. Qg3 Nc6 23. c3 a5 24. Nf3 bxc3 25. bxc3 d4 26. c4 Nb4 27. Rd1 Rb8 28. Ne1 Qf7 29. Ng2 Na6 30. Qe1 Nb4 31. Qe4 Rb6 32. Rf1 Nc6 33. Ba3 Qe7 34. Rab1 Rfb8 35. Rb5 Rxb5 36. cxb5 Nb4 37. Rc1 Bf8 38. Rf1 Re8 39. Bc1 Bg7 40. Bd2 Rc8 41. Rc1 Qc7 42. Be1 Qb6 43. Bf2 Na2 44. Rc4 Nc3 45. Qe1 Rf8 46. Bg3 Rc8 47. Nh4 Qb7 48. Qf2 Rc7 49. Qf3 Qc8 50. Qf1 Nd5 51. Ng2 Qf8 52. Qc1 Nc3 53. Qc2 Nd5 54. Qd2 Qa8 55. Bf2 Qa7 56. Be1 Nb4 57. Qd1 Nd5 58. Qb3 Qb6 59. Rc1 g5 60. Bg3 gxf4 61. Nxf4 Nc3 62. Re1 Re7 63. Bh4 Re8 64. Bf6 h6 65. Kf2 Kf7 66. Bxg7 Kxg7 67. Kg3 Kh7 68. h4 Qb7 69. Nxe6 Qd7 70. Nxc5 Qc7 71. b6 Qe7 72. b7 Rb8 73. Qb6 Nxa4 74. Nxa4 Rxb7 75. Qd6 Qe8 76. Nc5 1-0